000 00292nam a2200121Ia 4500
008 250224s9999 xx 000 0 und d
020 _a9781474903370
082 _aJR931.003CHA
100 _aChandler Fiona
245 0 _aRoman World
942 _cJR
999 _c473572
_d473572